Goodbye - Sabrina Carpenter - Statistics

General Stats
  • This quiz has been taken 17 times
  • The average score is 251 of 356
Answer Stats
Answer % Correct
a
92%
Broke
92%
i
92%
I
92%
my
92%
on
92%
On
92%
so
92%
So
92%
you
92%
You
92%
you,
92%
your
92%
call
83%
cheerio
83%
feeling
83%
feelings
83%
for
83%
Go
83%
Goodbye
83%
goodbye?
83%
goodbye
83%
goodbye)
83%
Goodbye?)
83%
Guess
83%
Heart
83%
much
83%
overnight
83%
Saturday
83%
side,
83%
ta-
83%
ta
83%
the
83%
The
83%
adios
75%
almost
75%
And
75%
and
75%
be
75%
but
75%
But
75%
but,
75%
Can´t
75%
changed
75%
cried
75%
fainted
75%
flip
75%
Forgive
75%
french,
75%
fuck
75%
have
75%
it
75%
(it
75%
life
75%
losing
75%
love,
75%
love
75%
me
75%
means
75%
quits
75%
shit
75%
Shit,
75%
that
75%
then
75%
To
75%
to
75%
when
75%
who
75%
You´re
75%
you´re
75%
"Arrivederci,
67%
ass,
67%
au
67%
By
67%
cries
67%
Did
67%
did
67%
(Did
67%
down,
67%
every
67%
forget
67%
get
67%
Get
67%
had
67%
how
67%
minute,
67%
no
67%
now,
67%
one
67%
other
67%
punch
67%
revoir"
67%
see
67%
shoot
67%
show
67%
some
67%
(Uh-
67%
uh-
67%
(uh-
67%
Wanna
67%
was
67%
anymore
58%
choose
58%
Clothes
58%
communication
58%
don´t
58%
got
58%
gun
58%
honey,
58%
hurts
58%
If
58%
i´ll
58%
in
58%
just
58%
know
58%
lost
58%
oh
58%
or
58%
put
58%
said
58%
say,
58%
Sayonara,
58%
specific
58%
te
58%
wait,
58%
Well,
58%
We´ll
58%
wish
58%
won´t
58%
words
58%
amo,
50%
at
50%
baby,
50%
bilingual,
50%
cake
50%
coma,
50%
eat
50%
flowers,
50%
from
50%
give
50%
here?
50%
not
50%
out
50%
out,
50%
should
50%
somethin´
50%
three
50%
too
50%
up
50%
used
50%
wake
50%
walking
50%
weeks,
50%
buddy
42%
door
42%
Gonna
42%
home
42%
huh,
42%
huh)
42%
Por
42%
safe
42%
siempre
42%
standing
42%
holding
33%
ooh
33%
you´ll
33%
hokey
25%
that´s
25%
No matching quizzes found
Score Distribution
Percent of People with Each Score
Percentile by Number Answered
Your Score History
You have not taken this quiz